01259cam a22002651 4500001001300000003000400013005001700017008004100034010001700075035002000092040002600112042001200138050002300150100004800173245017200221260009500393300002400488440006100512501023500573650006900808650003600877650002500913700003500938700002000973hew59000073 DLC20260227111509.0830325s1959 dcu 000 0 eng  ahew59000073  a(OCoLC)16765815 aDLCcOrPSdOCoLCdDLC apremarc00aL111b.A72 no. 5801 aWill, Robert F.q(Robert Frederick),d1917-10aState school administration: 1900-1957 :breports of major surveys and studies /ccompiled by Robert F. Will, Louise R. Murphy ; under direction of James E. Gibbs, Jr. a[Washington] :bU.S. Dept. of Health, Education, and Welfare, Office of Education,c[1959] avi, 81 p. ;c26 cm. 0aCircular (United States. Office of Education) ;vno. 580 aWith: Library statistics of larger colleges and universities, 1956-57 / by John Carson Rather. Washington : U.S. Dept. of Health, Education, and Welfare, Office of Education, [1959]. Bound together subsequent to publication.5DLC 0aSchool management and organizationzUnited StatesvBibliography. 0aState departments of education. 0aEducational surveys.1 aMurphy, Louise Ratliff,d1914-1 aGibbs, James E.